Länder mit den meisten Fernsehergeräten - Statistiken

Allgemein
  • Dieses Quiz wurde 155 mal gespielt
  • Das Durchschnittsergebnis liegt bei 28 aus 35
Antwortstatistiken
Platz Antwort Anzahl % Korrekt
1. China 676,7 Mio.
100%
7. Deutschland 61,2 Mio.
100%
2. Vereinigte Staaten 283,4 Mio.
100%
10. Frankreich 39,5 Mio.
98%
6. Russland 66,7 Mio.
98%
14. Spanien 29,3 Mio.
97%
5. Brasilien 74,9 Mio.
96%
3. Indien 107,1 Mio.
95%
4. Japan 106,5 Mio.
94%
13. Italien 30,7 Mio.
93%
17. Kanada 22,6 Mio.
93%
21. Polen 18,7 Mio.
93%
9. Vereinigtes Königreich 40 Mio.
93%
12. Mexiko 35,1 Mio.
92%
11. Türkei 36,2 Mio.
89%
27. Argentinien 13,7 Mio.
88%
26. Australien 16 Mio.
87%
22. Südkorea 18,3 Mio.
87%
16. Ukraine 25,9 Mio.
87%
8. Indonesien 40,1 Mio.
85%
31. Südafrika 10,5 Mio.
81%
19. Ägypten 20 Mio.
80%
33. Niederlande 9,9 Mio.
80%
29. Iran 13,1 Mio.
79%
15. Pakistan 28,2 Mio.
78%
20. Kolumbien 18,9 Mio.
76%
18. Thailand 20,8 Mio.
74%
23. Vietnam 18,2 Mio.
72%
30. Nigeria 10,8 Mio.
69%
24. Philippinen 16,8 Mio.
67%
32. Rumänien 10,1 Mio.
59%
34. Demokratische Republik Kongo 9,2 Mio.
57%
28. Taiwan 13,3 Mio.
47%
25. Sudan 16,5 Mio.
40%
35. Usbekistan 7,7 Mio.
20%
Keine übereinstimmenden Quizze gefunden
Verteilung der Resultate
Anzahl Personen mit jedem Resultat
Perzentil nach korrekt beantworteten Fragen
Ihre Resultats-Entwicklung
Sie haben dieses Quiz noch nicht gespielt